A year of children's sermons. (Record no. 12270)

000 -LEADER
fixed length control field 00538nam a2200181 a 4500
001 - CONTROL NUMBER
control field :::00010072$&:&@@
003 - CONTROL NUMBER IDENTIFIER
control field OkBaRHE
005 - DATE AND TIME OF LATEST TRANSACTION
control field 20000607103356.0
008 - FIXED-LENGTH DATA ELEMENTS--GENERAL INFORMATION
fixed length control field s1976 j 000 0 eng u
040 ## - CATALOGING SOURCE
Transcribing agency
100 1# - MAIN ENTRY--PERSONAL NAME
Personal name Castle, Leon W.
245 12 - TITLE STATEMENT
Title A year of children's sermons.
260 ## - PUBLICATION, DISTRIBUTION, ETC. (IMPRINT)
Place of publication, distribution, etc Nashville, TN., :
Name of publisher, distributor, etc Broadman Press
Date of publication, distribution, etc c1976
300 ## - PHYSICAL DESCRIPTION
Extent 121 p. ;
Dimensions 19 cm.
650 ## - SUBJECT ADDED ENTRY--TOPICAL TERM
Topical term or geographic name as entry element Children's Sermons
942 ## - ADDED ENTRY ELEMENTS (KOHA)
Source of classification or shelving scheme
Koha item type Books
Copies
Shelving location Copy number Barcode Source of classification or shelving scheme Not for loan Withdrawn status Price effective from Lost status Date last seen Koha item type Full call number Permanent Location Date acquired Damaged status
General Stacks110072   2010-04-14 2010-04-14BooksBV 4315 .C32RHEMA Bible Training College2010-04-14